[Event "4NCL Division Four"]
[Site "Daventry, ENG"]
[Date "2023.03.25"]
[Round "7.65"]
[White "Pochalwar, Siddhant"]
[Black "Woolgar, Steven G"]
[Result "0-1"]
[WhiteElo "1200"]
[BlackElo "1616"]
[PlyCount "92"]
[EventDate "2023.03.25"]
[WhiteTeam "Barnet Knights C"]
[BlackTeam "Coventry"]

1. d4 Nf6 2. Bf4 d5 3. e3 e6 4. Bd3 Be7 5. Nf3 Nc6 6. c3 O-O 7. Nbd2 Re8 8. O-O
b6 9. Bb5 Bd7 10. Re1 a6 11. Bd3 Nh5 12. Be5 Nxe5 13. Nxe5 g6 14. Ndf3 Rf8 15.
e4 c6 16. Qb3 b5 17. a4 Qc7 18. exd5 cxd5 19. Nxd7 Qxd7 20. axb5 Qb7 21. Qa4
axb5 22. Qxb5 Qxb5 23. Bxb5 Rab8 24. Ra5 Bd8 25. Ra2 Rxb5 26. b4 Nf6 27. Rc1
Be7 28. Rb2 Rc8 29. Nd2 Kg7 30. f3 Nd7 31. Kf2 h5 32. h3 e5 33. dxe5 Nxe5 34.
Ke2 Bg5 35. g3 Bxd2 36. Rxd2 Nc4 37. Rd4 Re8+ 38. Kf2 Ra8 39. g4 Ra2+ 40. Kg3
hxg4 41. Rxg4 Ne3 42. Rf4 Rg2+ 43. Kh4 g5+ 44. Kh5 gxf4 45. c4 Rb6 46. cxd5
Rh6# 0-1

[Event "4NCL Division Four"]
[Site "Daventry, ENG"]
[Date "2023.03.25"]
[Round "7.66"]
[White "Bozhgulova, Zaynabkhan"]
[Black "Lee, Xander"]
[Result "1-0"]
[WhiteElo "1333"]
[BlackElo "1292"]
[PlyCount "51"]
[EventDate "2023.03.25"]
[WhiteTeam "Coventry"]
[BlackTeam "Barnet Knights C"]

1. b3 e5 2. Bb2 Nc6 3. e3 d5 4. Nf3 Bd6 5. Be2 Nf6 6. O-O O-O 7. d4 Qe7 8. c4
b6 9. cxd5 e4 10. dxc6 exf3 11. Bxf3 Ne4 12. g3 Ng5 13. Bg2 Nh3+ 14. Kh1 Qg5
15. Nd2 Bg4 16. Qe1 Bb4 17. a3 Bxd2 18. Qxd2 Qf5 19. f3 Rfe8 20. fxg4 Qxg4 21.
Bf3 Qg5 22. Rae1 Re7 23. Qg2 Qh6 24. Bc1 Qe6 25. d5 Qc8 26. e4 1-0

[Event "4NCL Division Four"]
[Site "Daventry, ENG"]
[Date "2023.03.25"]
[Round "7.71"]
[White "Maton, Emily"]
[Black "Balasundaram, Sivasatyan"]
[Result "1/2-1/2"]
[WhiteElo "1788"]
[BlackElo "1770"]
[PlyCount "176"]
[EventDate "2023.03.25"]
[WhiteTeam "She Plays To Win Lionesses"]
[BlackTeam "Cambridge University Y1"]

1. c4 Nf6 2. Nc3 g6 3. e4 d6 4. Nf3 Bg7 5. d4 O-O 6. Be2 e5 7. d5 Na6 8. O-O
Nc5 9. Qc2 a5 10. Be3 b6 11. a3 Ng4 12. Bxc5 bxc5 13. Rab1 f5 14. Nd2 f4 15.
Bxg4 Bxg4 16. f3 Bd7 17. b4 axb4 18. axb4 cxb4 19. Rxb4 Rf6 20. Rfb1 g5 21. Qb2
Rf8 22. Rb7 g4 23. Nb5 Bxb5 24. Qxb5 h5 25. c5 Ra2 26. Rb8 Qg5 27. Qe2 Qg6 28.
R8b2 Rfa8 29. cxd6 Rxb2 30. Rxb2 Ra1+ 31. Rb1 Rxb1+ 32. Nxb1 cxd6 33. Nd2 Bf6
34. Qc4 Be7 35. Qc8+ Kf7 36. Qc4 Qg8 37. Qe2 Qc8 38. fxg4 Qxg4 39. Qxg4 hxg4
40. Kf2 Bh4+ 41. g3 fxg3+ 42. hxg3 Bg5 43. Nf1 Bd8 44. Nh2 Kg6 45. Nxg4 Kg5 46.
Kf3 Bb6 47. Nh2 Bc5 48. Nf1 Bd4 49. Nd2 Bc5 50. Nc4 Bb4 51. Nb6 Ba5 52. Nd7 Bd2
53. Nf8 Bc1 54. Ne6+ Kh5 55. g4+ Kh4 56. Nc7 Ba3 57. Nb5 Bb4 58. Na7 Bc5 59.
Nc6 Ba3 60. Ne7 Bb4 61. Nf5+ Kg5 62. Ne3 Bc5 63. Nf1 Bb4 64. Nh2 Kh4 65. Ke2
Bc5 66. Kd3 Kg5 67. Nf3+ Kxg4 68. Nd2 Kf4 69. Nc4 Kf3 70. Nd2+ Kf4 71. Nb3 Bb6
72. Nd2 Bc5 73. Nc4 Kf3 74. Na5 Kf4 75. Nb7 Ba3 76. Nd8 Kf3 77. Ne6 Bb4 78. Nc7
Bc5 79. Ne8 Kf4 80. Nf6 Kf3 81. Kc4 Kf4 82. Kb5 Bf2 83. Kc6 Bh4 84. Ne8 Kxe4
85. Nxd6+ Kf4 86. Nc4 e4 87. d6 e3 88. Nxe3 Kxe3 1/2-1/2

[Event "4NCL Division Four"]
[Site "Daventry, ENG"]
[Date "2023.03.25"]
[Round "7.72"]
[White "Jayakumar, Bharath"]
[Black "Latypova, Olga L"]
[Result "1/2-1/2"]
[WhiteElo "1744"]
[BlackElo "1730"]
[PlyCount "104"]
[EventDate "2023.03.25"]
[WhiteTeam "Cambridge University Y1"]
[BlackTeam "She Plays To Win Lionesses"]

1. d4 Nf6 2. c4 g6 3. Nf3 Bg7 4. Bf4 d5 5. Nc3 dxc4 6. e3 O-O 7. Bxc4 c6 8. O-O
Bg4 9. h3 Bxf3 10. Qxf3 Nfd7 11. d5 Nb6 12. Bb3 cxd5 13. Nxd5 e5 14. Bg3 Nc6
15. Rfd1 Nxd5 16. Bxd5 Qb6 17. Rac1 Rac8 18. Kh1 Rcd8 19. Bxc6 Rxd1+ 20. Qxd1
bxc6 21. b3 Rd8 22. Qc2 Qa5 23. Qxc6 Qxa2 24. Qb7 a5 25. Rc8 Qd2 26. Qc7 Rf8
27. Rxf8+ Bxf8 28. Qxe5 Qd1+ 29. Kh2 Qxb3 30. Qxa5 Qe6 31. Qe5 Qc6 32. Qd4 Qe6
33. Qd8 Kg7 34. Qb8 Kg8 35. Bf4 f6 36. Bh6 Qd6+ 37. Qxd6 Bxd6+ 38. g3 Kf7 39.
Bf4 Bc5 40. Kg2 Ke6 41. e4 g5 42. Be3 Bd6 43. f4 gxf4 44. gxf4 Bc7 45. Kf3 f5
46. e5 Bd8 47. Bf2 Be7 48. Ke3 Bc5+ 49. Kf3 Be7 50. Ke3 Bc5+ 51. Ke2 Be7 52.
Kd3 Kd5 1/2-1/2

[Event "4NCL Division Four"]
[Site "Daventry, ENG"]
[Date "2023.03.25"]
[Round "7.73"]
[White "Rida, Ruqayyah"]
[Black "Horwood, Alexander"]
[Result "1-0"]
[WhiteElo "1762"]
[BlackElo "1219"]
[PlyCount "71"]
[EventDate "2023.03.25"]
[WhiteTeam "She Plays To Win Lionesses"]
[BlackTeam "Cambridge University Y1"]

1. e4 c5 2. Nf3 d6 3. d4 cxd4 4. Nxd4 Nf6 5. Nc3 g6 6. Be3 Bg7 7. f3 O-O 8. Qd2
a6 9. O-O-O Nc6 10. g4 d5 11. Qe1 e5 12. Nxc6 bxc6 13. exd5 Nxd5 14. Bc4 Be6
15. Rd3 Qa5 16. Nxd5 Qxe1+ 17. Rxe1 cxd5 18. Bxd5 Bxd5 19. Rxd5 Rfd8 20. Red1
Bf6 21. g5 Rxd5 22. Rxd5 Bg7 23. Bd2 f5 24. gxf6 Bxf6 25. Bc3 Re8 26. f4 Bh4
27. fxe5 Bg5+ 28. Bd2 Bxd2+ 29. Kxd2 Kf7 30. Kd3 Ke6 31. Ke4 Kf7 32. Rd7+ Kg8
33. Kd5 Ra8 34. e6 Kf8 35. Kd6 Kg8 36. e7 1-0

[Event "4NCL Division Four"]
[Site "Daventry, ENG"]
[Date "2023.03.25"]
[Round "7.74"]
[White "Wang, Xiling"]
[Black "Acharya, Kandara"]
[Result "0-1"]
[WhiteElo "1205"]
[BlackElo "1516"]
[PlyCount "118"]
[EventDate "2023.03.25"]
[WhiteTeam "Cambridge University Y1"]
[BlackTeam "She Plays To Win Lionesses"]

1. e4 c5 2. Nf3 Nc6 3. Nc3 g6 4. d4 cxd4 5. Nxd4 Bg7 6. Be3 Nf6 7. Bc4 O-O 8.
O-O d6 9. f3 Nxd4 10. Bxd4 Bd7 11. Be3 Qa5 12. Nd5 Nxd5 13. exd5 b5 14. Bb3
Bxb2 15. Rb1 Bg7 16. Bd2 Qb6+ 17. Kh1 a5 18. a4 b4 19. Re1 Rfe8 20. Be3 Qc7 21.
g4 h6 22. Qd3 Qc3 23. Qxc3 Bxc3 24. Re2 Kg7 25. Bd2 Bf6 26. Rg1 e6 27. dxe6
fxe6 28. f4 Bc6+ 29. Rgg2 Bxg2+ 30. Rxg2 Rac8 31. f5 exf5 32. gxf5 g5 33. h4
Rh8 34. Kg1 Bd4+ 35. Kf1 Rhf8 36. Ke1 Rxf5 37. hxg5 Re8+ 38. Re2 Rxe2+ 39. Kxe2
hxg5 40. Kd3 Bc3 41. Be6 Re5 42. Bxc3 bxc3 43. Bg4 Re1 44. Kxc3 Rg1 45. Bf3 g4
46. Be4 g3 47. Kc4 Re1 48. Bd5 Re2 49. Bf3 g2 50. Bxg2 Rxg2 51. Kb5 Rxc2 52.
Kxa5 Rb2 53. Ka6 d5 54. a5 d4 55. Ka7 d3 56. a6 d2 57. Ka8 d1=Q 58. Ka7 Qb3 59.
Ka8 Qb8# 0-1

[Event "4NCL Division Four"]
[Site "Daventry, ENG"]
[Date "2023.03.25"]
[Round "7.75"]
[White "Haria-Skuse, Ashwina"]
[Black "Santosh Kumar, Darsh"]
[Result "1-0"]
[WhiteElo "1431"]
[BlackElo "1215"]
[PlyCount "119"]
[EventDate "2023.03.25"]
[WhiteTeam "She Plays To Win Lionesses"]
[BlackTeam "Cambridge University Y1"]

1. Nf3 Nf6 2. d4 g6 3. e3 Bg7 4. Be2 O-O 5. O-O d6 6. b3 Bf5 7. Bb2 Nbd7 8.
Nbd2 a5 9. a4 Re8 10. Nh4 e6 11. Bf3 d5 12. Ba3 Ne4 13. Nxf5 exf5 14. c4 c6 15.
Rc1 Ndf6 16. Re1 Rc8 17. Nb1 h6 18. Nc3 Kh7 19. Qd3 Qb6 20. Rb1 Qc7 21. Rec1 b6
22. cxd5 cxd5 23. Nb5 Qd7 24. Qe2 Rxc1+ 25. Rxc1 Rc8 26. Rc2 Rc6 27. Qd1 h5 28.
Qc1 Rxc2 29. Qxc2 Kh6 30. Kf1 g5 31. Ke2 g4 32. Bxe4 fxe4 33. Qc7 Qxc7 34. Nxc7
Kg5 35. Be7 Kf5 36. Bxf6 Bxf6 37. Nxd5 Bd8 38. Kd2 Ke6 39. Nf4+ Kd6 40. Nxh5 f5
41. Ng7 Ke7 42. Nxf5+ Ke6 43. Nh6 Bc7 44. g3 Bd6 45. Nxg4 Bb4+ 46. Ke2 Kf5 47.
Ne5 Ke6 48. h4 Kd5 49. h5 Be7 50. g4 Bf6 51. h6 Ke6 52. h7 Kd5 53. g5 Bg7 54.
Ng6 Kd6 55. h8=Q Bxh8 56. Nxh8 Ke6 57. d5+ Kxd5 58. g6 Ke6 59. g7 Kf6 60. g8=Q
1-0

[Event "4NCL Division Four"]
[Site "Daventry, ENG"]
[Date "2023.03.25"]
[Round "7.81"]
[White "Wedge, David C"]
[Black "Sheerin, Alex"]
[Result "1-0"]
[WhiteElo "1696"]
[BlackElo "1925"]
[PlyCount "81"]
[EventDate "2023.03.25"]
[WhiteTeam "Oxford 3"]
[BlackTeam "Anglian Avengers 2"]

1. e4 c5 2. Nc3 d6 3. g3 Nc6 4. Bg2 Nf6 5. d3 g6 6. f4 Bg7 7. Nf3 O-O 8. O-O
Bd7 9. h3 Rb8 10. Be3 b5 11. Qd2 Qa5 12. Nh4 Rfc8 13. f5 Be8 14. Bh6 Bh8 15.
Qg5 c4 16. fxg6 hxg6 17. Nd5 Nxd5 18. Nxg6 fxg6 19. Rf8+ Kh7 20. Qh4 Nf6 21.
Bd2+ Nh5 22. Bxa5 Bf6 23. Rxf6 exf6 24. g4 g5 25. Qf2 Nf4 26. Bd2 Nxg2 27. Kxg2
cxd3 28. cxd3 Ne5 29. Qxf6 Rc2 30. Qxg5 Rbc8 31. Kg3 Bg6 32. Qh6+ Kg8 33. Bf4
Bf7 34. Bxe5 dxe5 35. Qg5+ Kf8 36. Qxe5 Rd2 37. Qh8+ Bg8 38. Rf1+ Ke7 39. Qg7+
Kd6 40. Qh6+ Be6 41. Qxd2 1-0

[Event "4NCL Division Four"]
[Site "Daventry, ENG"]
[Date "2023.03.25"]
[Round "7.82"]
[White "Goodhead, James W"]
[Black "Staples, Neil"]
[Result "1/2-1/2"]
[WhiteElo "1851"]
[BlackElo "1766"]
[PlyCount "33"]
[EventDate "2023.03.25"]
[WhiteTeam "Anglian Avengers 2"]
[BlackTeam "Oxford 3"]

1. e4 g6 2. d4 Bg7 3. Nc3 d6 4. Nf3 Nd7 5. Be3 e6 6. Qd2 h6 7. Be2 Ne7 8. d5 e5
9. Ng1 a6 10. a4 Nf6 11. h3 g5 12. h4 g4 13. h5 b6 14. Bd3 Nfg8 15. Nge2 Nf6
16. Ng3 Bd7 17. Qe2 1/2-1/2

[Event "4NCL Division Four"]
[Site "Daventry, ENG"]
[Date "2023.03.25"]
[Round "7.83"]
[White "Curran, David P"]
[Black "Slonczuk, Pawel"]
[Result "1-0"]
[WhiteElo "1737"]
[BlackElo "1701"]
[PlyCount "101"]
[EventDate "2023.03.25"]
[WhiteTeam "Oxford 3"]
[BlackTeam "Anglian Avengers 2"]

1. d4 d5 2. Nf3 Nf6 3. c4 e6 4. Bg5 Be7 5. Nc3 h6 6. Bf4 O-O 7. c5 a5 8. a3 Nc6
9. h3 b6 10. cxb6 cxb6 11. e3 Bd6 12. Ne5 Ne7 13. Nb5 Bxe5 14. Bxe5 Ne4 15. Bd3
Ba6 16. Nc7 Bxd3 17. Nxa8 Bc4 18. b3 f6 19. Bc7 Qxa8 20. bxc4 Qc6 21. f3 Qxc7
22. fxe4 Qg3+ 23. Kd2 Qxg2+ 24. Qe2 Qxe4 25. Qd3 Qg2+ 26. Qe2 Qe4 27. Qg4 Qxg4
28. hxg4 dxc4 29. Rab1 Rc8 30. Rxb6 c3+ 31. Kc2 Kf7 32. e4 Rc4 33. Rd1 a4 34.
Rb4 Rc7 35. Rd3 f5 36. gxf5 exf5 37. Rxc3 Rxc3+ 38. Kxc3 fxe4 39. Rxa4 Nd5+ 40.
Kd2 e3+ 41. Ke1 h5 42. Ra5 Ke6 43. Ra8 Kf5 44. Re8 h4 45. Re5+ Kg4 46. Rxd5 h3
47. Rd8 g5 48. Ke2 Kg3 49. Kxe3 g4 50. d5 Kg2 51. d6 1-0

[Event "4NCL Division Four"]
[Site "Daventry, ENG"]
[Date "2023.03.25"]
[Round "7.84"]
[White "Ferris, Oliver"]
[Black "Hertog, Alexander"]
[Result "1-0"]
[WhiteElo "1496"]
[BlackElo "1778"]
[PlyCount "103"]
[EventDate "2023.03.25"]
[WhiteTeam "Anglian Avengers 2"]
[BlackTeam "Oxford 3"]

1. e4 c6 2. d4 d5 3. e5 c5 4. c3 Nc6 5. Nf3 Bg4 6. Be3 e6 7. Be2 Nge7 8. h3
Bxf3 9. Bxf3 Nf5 10. Bg4 Nxe3 11. fxe3 Qh4+ 12. Kf1 h5 13. Be2 Be7 14. Qe1 Qe4
15. Bf3 Qc2 16. Qd2 Qf5 17. Na3 cxd4 18. exd4 Bxa3 19. bxa3 Na5 20. Qb2 O-O 21.
Kf2 h4 22. Rhf1 Rfc8 23. Kg1 Qd3 24. Bh5 Qe3+ 25. Qf2 Qxf2+ 26. Rxf2 g6 27. Bg4
Rxc3 28. Raf1 Rc7 29. Rf6 Nc4 30. Bxe6 fxe6 31. Rxg6+ Rg7 32. Rxe6 Ne3 33. Rf2
Rc8 34. Ref6 Kh7 35. Rf7 Rc2 36. e6 Rxf2 37. Kxf2 Nd1+ 38. Ke1 Ne3 39. e7 Nxg2+
40. Kd2 Rxf7 41. e8=Q Rf2+ 42. Kc3 Rf3+ 43. Kb4 Rg3 44. Qf7+ Rg7 45. Qxd5 b6
46. Qf5+ Kh8 47. d5 Kg8 48. d6 Rf7 49. Qg6+ Rg7 50. Qxg7+ Kxg7 51. d7 a5+ 52.
Kb5 1-0

[Event "4NCL Division Four"]
[Site "Daventry, ENG"]
[Date "2023.03.25"]
[Round "7.85"]
[White "Cole, Graham"]
[Black "Walker, Heather Enid"]
[Result "1-0"]
[WhiteElo "1724"]
[BlackElo "1277"]
[PlyCount "93"]
[EventDate "2023.03.25"]
[WhiteTeam "Oxford 3"]
[BlackTeam "Anglian Avengers 2"]

1. e4 Nf6 2. e5 Nd5 3. d4 b5 4. Bxb5 c5 5. Be2 e6 6. c4 Nb6 7. Nf3 Be7 8. O-O
O-O 9. Nc3 Bb7 10. b3 d5 11. exd6 Bxd6 12. dxc5 Bxc5 13. Qxd8 Rxd8 14. Bf4 N8d7
15. Rfd1 h6 16. h4 a6 17. Rd3 Be7 18. Rad1 Bf6 19. Be3 Rac8 20. g3 e5 21. Bxb6
Nxb6 22. Rxd8+ Bxd8 23. Nxe5 Bf6 24. f4 Re8 25. Bd3 Bc8 26. Re1 Nd7 27. Nd5
Bxe5 28. fxe5 Nxe5 29. Re3 Kf8 30. Be2 a5 31. Kg2 g6 32. Bf3 h5 33. Re1 f6 34.
Nxf6 Re6 35. Nd5 Kf7 36. Nf4 Re8 37. Bd5+ Kf6 38. Re3 Bg4 39. Nd3 Bf3+ 40. Bxf3
Re6 41. Rxe5 Rxe5 42. Nxe5 Kxe5 43. c5 Ke6 44. Kf2 Kd7 45. Ke3 Kc7 46. Kd4 Kc8
47. Be4 1-0

[Event "4NCL Division Four"]
[Site "Daventry, ENG"]
[Date "2023.03.25"]
[Round "7.86"]
[White "Korchagina, Polina"]
[Black "Neatherway, A Philip"]
[Result "0-1"]
[WhiteElo "1171"]
[BlackElo "1795"]
[PlyCount "44"]
[EventDate "2023.03.25"]
[WhiteTeam "Anglian Avengers 2"]
[BlackTeam "Oxford 3"]

1. e4 e6 2. d4 d5 3. exd5 exd5 4. Bd3 c5 5. dxc5 Bxc5 6. Nf3 Nc6 7. O-O Nge7 8.
c3 h6 9. Re1 O-O 10. Nbd2 Bg4 11. Nb3 Bb6 12. Bf4 Qd7 13. Bg3 f5 14. Bb5 f4 15.
Bh4 Ng6 16. Qd3 Bf5 17. Qd2 Qf7 18. Bxc6 bxc6 19. Nbd4 Be4 20. Nxc6 Bxf3 21.
Ne7+ Nxe7 22. Bxe7 Qg6 0-1

[Event "4NCL Division Four"]
[Site "Daventry, ENG"]
[Date "2023.03.25"]
[Round "7.91"]
[White "Walker, Andrew N"]
[Black "Hilton, Tim"]
[Result "0-1"]
[WhiteElo "1930"]
[BlackElo "1974"]
[PlyCount "58"]
[EventDate "2023.03.25"]
[WhiteTeam "Ashfield 2"]
[BlackTeam "Average Wood Pushers B"]

1. b3 e5 2. Bb2 d6 3. g3 f5 4. Bg2 Nf6 5. Nc3 Be7 6. e3 c6 7. Nge2 O-O 8. O-O
Na6 9. d4 Qe8 10. Qd2 Qh5 11. f4 e4 12. h3 d5 13. Kf2 Be6 14. Rg1 b6 15. Nd1 c5
16. a3 Nc7 17. Kf1 Bf7 18. Nf2 Rfd8 19. Rd1 Rac8 20. Bh1 Ne6 21. g4 Qg6 22. Ng3
cxd4 23. gxf5 dxe3 24. fxg6 exd2 25. gxf7+ Kxf7 26. f5 Nf4 27. Rxd2 e3 28. Rd4
exf2 29. Rg2 Nxg2 0-1

[Event "4NCL Division Four"]
[Site "Daventry, ENG"]
[Date "2023.03.25"]
[Round "7.92"]
[White "Doherty, Paul"]
[Black "Walentowicz, Stefan"]
[Result "1/2-1/2"]
[WhiteElo "1853"]
[BlackElo "1909"]
[PlyCount "63"]
[EventDate "2023.03.25"]
[WhiteTeam "Average Wood Pushers B"]
[BlackTeam "Ashfield 2"]

1. e4 d5 2. exd5 Qxd5 3. Nc3 Qa5 4. d4 Nf6 5. Bd2 c6 6. Bc4 Bf5 7. Nf3 e6 8.
Ne5 Qd8 9. Bg5 Be7 10. O-O O-O 11. Ne2 Nd5 12. Bxe7 Qxe7 13. Ng3 Bg6 14. Qd2
Nd7 15. f4 Rad8 16. Rae1 Qb4 17. Qxb4 Nxb4 18. c3 Nxe5 19. Rxe5 Nd5 20. f5 exf5
21. Bxd5 Rxd5 22. Rxd5 cxd5 23. Nxf5 Re8 24. Ng3 f6 25. Kf2 Kf7 26. Re1 Rxe1
27. Kxe1 Ke6 28. Kf2 Bb1 29. a3 g6 30. Ne2 Kf5 31. h3 Ke4 32. Nc1 1/2-1/2

[Event "4NCL Division Four"]
[Site "Daventry, ENG"]
[Date "2023.03.25"]
[Round "7.93"]
[White "Garnett, John S"]
[Black "Wilding, Robin IR"]
[Result "1-0"]
[WhiteElo "1953"]
[BlackElo "1825"]
[PlyCount "109"]
[EventDate "2023.03.25"]
[WhiteTeam "Ashfield 2"]
[BlackTeam "Average Wood Pushers B"]

1. d4 d5 2. c4 c6 3. Nf3 Nf6 4. Nc3 Bf5 5. Bf4 e6 6. e3 Bd6 7. Ne5 O-O 8. Be2
Ne4 9. O-O f6 10. Nf3 Bxf4 11. exf4 Qc7 12. g3 Nd7 13. Rc1 Nxc3 14. Rxc3 dxc4
15. Bxc4 Nb6 16. Bd3 Nd5 17. Rc1 Bg4 18. Be2 Rad8 19. Nd2 Bh3 20. Re1 Nxf4 21.
gxf4 Rxd4 22. Qb3 Bf5 23. Nf3 Rxf4 24. Qe3 Rg4+ 25. Kh1 Re4 26. Qb3 Kh8 27. Bd3
Rxe1+ 28. Rxe1 Bxd3 29. Qxd3 e5 30. Rd1 h6 31. Nh4 Re8 32. Qd7 Qxd7 33. Rxd7
Rb8 34. Nf5 g6 35. Nxh6 f5 36. Nf7+ Kg7 37. Nxe5+ Kf6 38. Nd3 a5 39. Kg2 g5 40.
Kf3 Ke6 41. Nc5+ Ke5 42. Rxb7 Rh8 43. Kg2 Kd5 44. Na4 Rh4 45. Nc3+ Kc5 46. Rf7
Rg4+ 47. Kf1 Rf4 48. Ne2 Rf3 49. Ng3 f4 50. Ne4+ Kb6 51. Nxg5 Rd3 52. Rxf4 Rd2
53. h4 Rxb2 54. h5 Rb5 55. Rg4 1-0

[Event "4NCL Division Four"]
[Site "Daventry, ENG"]
[Date "2023.03.25"]
[Round "7.94"]
[White "Burgess, Dan"]
[Black "Combie, Alex B"]
[Result "1/2-1/2"]
[WhiteElo "1519"]
[BlackElo "1866"]
[PlyCount "139"]
[EventDate "2023.03.25"]
[WhiteTeam "Average Wood Pushers B"]
[BlackTeam "Ashfield 2"]

1. d4 d5 2. Bf4 Nf6 3. e3 e6 4. Nf3 Bd6 5. Ne5 O-O 6. Bd3 c5 7. c3 Nc6 8. Nd2
Qc7 9. Ndf3 Ne4 10. Qc2 cxd4 11. cxd4 Nb4 12. Qxc7 Nxd3+ 13. Nxd3 Bxc7 14. Bxc7
b6 15. h4 Ba6 16. Nb4 Bb7 17. Ng5 Nf6 18. Be5 Nd7 19. Nf3 Nxe5 20. Nxe5 Rac8
21. O-O a5 22. Nbd3 Ba6 23. Rfd1 Rc7 24. Rac1 Rfc8 25. Rxc7 Rxc7 26. Rc1 Rxc1+
27. Nxc1 Bb5 28. a3 Kf8 29. f4 Ke7 30. Kf2 f6 31. Ned3 Kd6 32. g4 Bd7 33. g5
Bb5 34. Kg3 Be8 35. b4 axb4 36. Nxb4 e5 37. Ncd3 exd4 38. exd4 fxg5 39. hxg5
Bg6 40. Ne5 Bf5 41. Nbc6 Be6 42. Kh4 Bf5 43. Kh5 Bc2 44. Nb4 Be4 45. g6 hxg6+
46. Nxg6 Bf5 47. Kg5 Bd7 48. Ne5 Be8 49. f5 b5 50. Nbc6 Kc7 51. Nb4 Kd6 52.
Ned3 Bf7 53. Nf4 Kc7 54. Nfxd5+ Kd6 55. Ne3 Be8 56. Kf4 Bf7 57. Ke4 Bg8 58. Kd3
Bh7 59. Kc3 g6 60. fxg6 Bxg6 61. Na6 Kc6 62. Kb4 Kb6 63. Nc5 Be8 64. Nf5 Bc6
65. Ne7 Be8 66. d5 Kc7 67. Ka5 Kd6 68. Nf5+ Kxc5 69. Ne3 Bd7 70. Nc2 1/2-1/2

[Event "4NCL Division Four"]
[Site "Daventry, ENG"]
[Date "2023.03.25"]
[Round "7.95"]
[White "Hardman, Daniel"]
[Black "Altoft, Harry"]
[Result "1-0"]
[WhiteElo "1824"]
[BlackElo "1457"]
[PlyCount "63"]
[EventDate "2023.03.25"]
[WhiteTeam "Ashfield 2"]
[BlackTeam "Average Wood Pushers B"]

1. e4 c5 2. Nc3 Nc6 3. Bb5 Nd4 4. Nf3 a6 5. Bd3 g6 6. Nxd4 cxd4 7. Ne2 Bg7 8.
O-O e5 9. f4 Nh6 10. Qe1 d5 11. fxe5 Bxe5 12. exd5 Qxd5 13. b3 Qd6 14. Ng3 O-O
15. Ne4 Bxh2+ 16. Kh1 Qc7 17. Qh4 Ng4 18. Be2 f5 19. Bxg4 fxe4 20. Rxf8+ Kxf8
21. Ba3+ Kg7 22. Bxc8 Rxc8 23. Qxh2 Qxc2 24. Qe5+ Kh6 25. Rc1 Qxd2 26. Qh2+ Kg7
27. Rf1 Qe2 28. Qe5+ Kh6 29. Qf4+ Kh5 30. Qh2+ Kg4 31. Qh3+ Kg5 32. Be7# 1-0

[Event "4NCL Division Four"]
[Site "Daventry, ENG"]
[Date "2023.03.25"]
[Round "7.96"]
[White "Kilmartin, David"]
[Black "Graham, Neil"]
[Result "1/2-1/2"]
[WhiteElo "1438"]
[BlackElo "1789"]
[PlyCount "36"]
[EventDate "2023.03.25"]
[WhiteTeam "Average Wood Pushers B"]
[BlackTeam "Ashfield 2"]

1. e4 e5 2. Nf3 Nf6 3. Nxe5 d6 4. Nf3 Nxe4 5. Nc3 Nxc3 6. dxc3 Be7 7. Be3 O-O
8. Qd2 Bf5 9. O-O-O c6 10. Kb1 Nd7 11. Bd3 Bxd3 12. Qxd3 d5 13. h4 Nc5 14. Qd2
Ne4 15. Qd3 Nc5 16. Bxc5 Bxc5 17. Ng5 g6 18. f4 Re8 1/2-1/2

[Event "4NCL Division Four"]
[Site "Daventry, ENG"]
[Date "2023.03.25"]
[Round "7.101"]
[White "Bromilow, Edward T"]
[Black "Mouskos, John"]
[Result "1-0"]
[WhiteElo "1823"]
[BlackElo "1500"]
[PlyCount "59"]
[EventDate "2023.03.25"]
[WhiteTeam "Ashfield 3"]
[BlackTeam "She Plays to Win Young Stars"]

1. d4 d5 2. Nf3 e6 3. e3 Nf6 4. Bd3 b6 5. b3 Bb7 6. Bb2 Nc6 7. Nbd2 Nb4 8. Be2
Bd6 9. a3 Nc6 10. Bd3 Qc8 11. Qe2 a5 12. O-O Ba6 13. e4 Bxd3 14. Qxd3 dxe4 15.
Nxe4 Be7 16. c4 O-O 17. Rfe1 Qd7 18. Rad1 Rad8 19. h3 Rfe8 20. Qe2 Qc8 21. Qc2
Nb8 22. Ne5 Nbd7 23. Nxf7 Kxf7 24. Ng5+ Kg8 25. Nxe6 Nf8 26. Nxd8 Qxd8 27. Qf5
Ng6 28. Re6 Qa8 29. Rde1 Nh4 30. Qg5 1-0

[Event "4NCL Division Four"]
[Site "Daventry, ENG"]
[Date "2023.03.25"]
[Round "7.102"]
[White "Mouskos, Mia"]
[Black "Levens, David G"]
[Result "0-1"]
[WhiteElo "1376"]
[BlackElo "1841"]
[PlyCount "92"]
[EventDate "2023.03.25"]
[WhiteTeam "She Plays to Win Young Stars"]
[BlackTeam "Ashfield 3"]

1. e4 c5 2. Nf3 d6 3. c3 Nf6 4. Be2 Nc6 5. d4 Bd7 6. Qc2 cxd4 7. cxd4 Rc8 8.
Nc3 g6 9. O-O Bg7 10. Re1 O-O 11. h3 a6 12. Be3 b5 13. a3 Na5 14. Qd1 Nc4 15.
Bxc4 Rxc4 16. Rc1 Qc8 17. Nd2 Rc7 18. Bg5 e6 19. Bf4 Ne8 20. Ne2 e5 21. dxe5
dxe5 22. Bg5 f6 23. Qb3+ Be6 24. Rxc7 Nxc7 25. Qe3 fxg5 26. Qxg5 Qd7 27. Qe3
Qf7 28. Nf3 Bc4 29. Ng3 Rd8 30. Qg5 Ne6 31. Qc1 Nf4 32. Rd1 Rf8 33. b4 Nxh3+
34. gxh3 Qxf3 35. Qd2 Bh6 36. Qe1 Bf4 37. h4 Bxg3 38. fxg3 Be2 39. Rc1 Qe3+ 40.
Kh2 h5 41. Kh1 Qxe4+ 42. Kh2 Qe3 43. Rc3 Rf2+ 44. Kg1 Rf1+ 45. Kh2 Qg1+ 46. Kh3
Bg4# 0-1

[Event "4NCL Division Four"]
[Site "Daventry, ENG"]
[Date "2023.03.25"]
[Round "7.103"]
[White "Bentley, Alex"]
[Black "Ashton, Alannah"]
[Result "0-1"]
[WhiteElo "1742"]
[BlackElo "1352"]
[PlyCount "76"]
[EventDate "2023.03.25"]
[WhiteTeam "Ashfield 3"]
[BlackTeam "She Plays to Win Young Stars"]

1. e4 c5 2. Nc3 Nc6 3. f4 g6 4. Nf3 Bg7 5. Bc4 e6 6. O-O Nge7 7. a3 d5 8. Ba2
O-O 9. Qe1 Nd4 10. Nxd4 cxd4 11. Nd1 dxe4 12. Qxe4 Qb6 13. d3 Bd7 14. Kh1 Nf5
15. Qe1 Qc7 16. c4 e5 17. g4 Nh6 18. h3 Rfe8 19. Qg3 e4 20. dxe4 Rxe4 21. Bb1
Re2 22. Nf2 Rae8 23. Bd3 Bc6+ 24. Kg1 R2e3 25. Qh2 g5 26. Bxe3 Rxe3 27. Rfe1
gxf4 28. Rxe3 dxe3 29. Ne4 Qe5 30. Qg2 f5 31. gxf5 Nxf5 32. Qc2 Nd4 33. Qg2 f3
34. Qg4 f2+ 35. Kf1 Qh2 36. Qg2 Qxg2+ 37. Kxg2 Nb3 38. Rd1 Nd2 0-1

[Event "4NCL Division Four"]
[Site "Daventry, ENG"]
[Date "2023.03.25"]
[Round "7.104"]
[White "Bharathi Mugilan, Dhanyadha"]
[Black "Pitts, Daniel"]
[Result "0-1"]
[WhiteElo "1241"]
[BlackElo "1701"]
[PlyCount "88"]
[EventDate "2023.03.25"]
[WhiteTeam "She Plays to Win Young Stars"]
[BlackTeam "Ashfield 3"]

1. d4 d5 2. Nf3 e6 3. Bf4 Nf6 4. e3 c5 5. c3 Nc6 6. Nbd2 Bd7 7. Bd3 Be7 8. O-O
O-O 9. Ne5 h6 10. h3 Nxe5 11. Bxe5 Bc6 12. Nf3 Nh7 13. b3 f6 14. Bg3 Qd7 15.
Qc2 Ng5 16. Nxg5 hxg5 17. Bh7+ Kh8 18. Qg6 Qe8 19. Qxe8 Rfxe8 20. Bg6 Rf8 21.
Bd3 f5 22. f4 b6 23. Rac1 g6 24. Bh2 Kg7 25. g4 Rh8 26. Kg2 Rh7 27. Rf3 Rah8
28. gxf5 g4 29. Rg3 exf5 30. Kh1 Rxh3 31. Rxh3 Rxh3 32. Kg2 Rxe3 33. Rd1 c4 34.
bxc4 dxc4+ 35. Kf2 Rxd3 36. Rxd3 cxd3 37. Ke3 Be4 38. Bg3 g5 39. fxg5 Bxg5+ 40.
Kf2 d2 41. Ke2 Bf3+ 42. Kf2 d1=Q 43. Be5+ Kg6 44. Kg3 Qg1# 0-1

[Event "4NCL Division Four"]
[Site "Daventry, ENG"]
[Date "2023.03.25"]
[Round "7.105"]
[White "Bowler, Nigel"]
[Black "Scott, Jane"]
[Result "1/2-1/2"]
[WhiteElo "1660"]
[BlackElo "1132"]
[PlyCount "81"]
[EventDate "2023.03.25"]
[WhiteTeam "Ashfield 3"]
[BlackTeam "She Plays to Win Young Stars"]

1. e4 e5 2. Nf3 Nc6 3. Bc4 Nf6 4. d3 Be7 5. O-O O-O 6. Nc3 d6 7. h3 Na5 8. Nh2
c6 9. Bb3 Nxb3 10. axb3 b5 11. f4 Qb6+ 12. Kh1 Bb7 13. f5 d5 14. Ng4 dxe4 15.
Nxf6+ Bxf6 16. Nxe4 c5 17. Nxf6+ Qxf6 18. Qh5 h6 19. Kh2 e4 20. g4 exd3 21. g5
Qe5+ 22. Bf4 Qe2+ 23. Qxe2 dxe2 24. Rf2 hxg5 25. Bxg5 Be4 26. Rxe2 Bxf5 27. Re5
Bxc2 28. Rxc5 Bxb3 29. Rxb5 Bc4 30. Rc5 Be6 31. Bd2 Rfc8 32. Rxc8+ Rxc8 33. Bc3
Ra8 34. Ra6 Bc4 35. Rc6 Bb5 36. Rc5 a6 37. Rg5 g6 38. Rg4 Kf8 39. Bb4+ Ke8 40.
Re4+ Kd7 41. Re7+ 1/2-1/2